000 00931cam a2200289 a 4500
999 _c531429
_d531429
001 1966794
003 NUST
005 20191016105022.0
008 881110s1989 nyuaf 001 0aeng
010 _a 88038969
020 _a0671669834
038 _aMuhammad Ibrahim
040 _aDLC
_cDLC
_dDLC
043 _aa-pk---
050 0 0 _aDS385.B44
_bA3 1989
082 0 0 _a954.91050924
_aB
_219
_bBHU 1989
100 1 _aBhutto, Benazir,
_d1953-2007.
_96627
245 1 0 _aDaughter of destiny :
_ban autobiography /
_cBenazir Bhutto.
260 _aNew York :
_bSimon and Schuster,
_cc1989.
300 _a411 p., [16] p. of plates :
_bill. ;
_c25 cm.
500 _aIncludes index.
600 1 0 _aBhutto, Benazir,
_d1953-2007.
_96627
650 0 _aPoliticians
_zPakistan
_xBiography.
_924110
651 0 _aPakistan
_xPolitics and government
_y1971-1988.
_96629
906 _a7
_bcbc
_corignew
_d1
_eocip
_f19
_gy-gencatlg
942 _2ddc
_cBK